La logoterapia es obvia : experiencias logoterapéuticas con el hombre común de la calle /

محفوظ في:
التفاصيل البيبلوغرافية
المؤلف الرئيسي: Bretones, Francisco (autor)
التنسيق: كتاب
اللغة:الإسبانية
منشور في: Buenos Aires, Argentina : San Pablo, 1995, c1995
سلاسل:(Noesis ; 6)
الموضوعات:
الوسوم: إضافة وسم
لا توجد وسوم, كن أول من يضع وسما على هذه التسجيلة!

MARC

LEADER 00000nam^a2200000^a^4500
001 000157607
005 20250521000000.0
009 20260310100545.998
020 |a 950-861-219-3 
037 |a Acervo ITESO - Biblioteca 
041 |a ESP 
082 |a 616. 89147  |b BRE 
100 |a Bretones, Francisco  |e (autor) 
245 1 3 |a La logoterapia es obvia :  |b experiencias logoterapéuticas con el hombre común de la calle /  |c F. Bretones. 
264 4 |a Buenos Aires, Argentina :  |b San Pablo,  |c 1995, c1995 
300 |a 256 p. 
336 |a texto  |b txt  |2 rdacontenido 
337 |a sin mediación  |b n  |2 rdamedio 
338 |a volumen  |b nc  |2 rdasoporte 
440 1 |a (Noesis ;  |v 6) 
649 |a XX 
650 |a Logoterapia 
650 |a Psicoterapia Existencial 
650 |a Psicoterapia Grupal 
650 |a Trascendencia 
650 |a Tanatología 
650 |a Muerte 
650 |a Vida 
650 |a Dolor -  |x Aspectos Psicológicos 
650 |a Salud Mental 
650 |a Psicoanálisis 
650 |a Psicología Clínica 
910 |a Fondo General 
920 |a Impresos - Libros 
930 |a Colección General 
905 |a 101 
901 |a 0500087084  |b IT1  |c ACC  |u 20250521 
902 |a https://opac.biblio.iteso.mx/vufind/Record/000157607